| 000 | 01448nam0a2200289 4500 | ||
|---|---|---|---|
| 001 | RU\NLR\BIBL_A\022552390 | ||
| 005 | 20250806200613.0 | ||
| 035 | _a(NLR Aleph) 022552390 | ||
| 090 |
_a88396 _c88396 |
||
| 100 | _a20250528a1941 u y0rusy50 ca | ||
| 101 | 0 | _aarm | |
| 102 | _aAM | ||
| 105 | _ay z 000 y | ||
| 181 | 0 |
_ai _baxxe |
|
| 182 | 0 | _an | |
| 200 | 1 |
_aՍոցիալիստական դեմոկրատիայի այլանսը եվ բանվորների միջազգային ընկերությունը _eՀասգայի միջազգային կոնգրեսի որոշումով հրապարակված զեկուցում եվ փաստաթղթեր _fԿ.Մարքս եվ Ֆ.Էնգելս _gՀԱՄԿ(բ)Պ կենտկոմին կից Մարքսի-Էնգելսի-Լենինի ինստիտուտ |
|
| 203 |
_aТекст _bвизуальный _cнепосредственный |
||
| 210 |
_aԵրեվան _bքաղ.գր.պետ.հր. _d1941 |
||
| 215 |
_a184 c. _d20 |
||
| 541 | 1 |
_6z01790 _aАльянс Социалистической демократии и международное товарищество рабочих _zrus |
|
| 700 | 1 |
_aԿարլ _bՄարքս _f1818- 1883 _gԿ.Մ _4070 |
|
| 790 | 1 |
_6z01541 _aКарл _f1818- 1883 _gМаркс _4070 |
|
| 942 | _cBOOK | ||
| 945 |
_aРоссийская национальная библиотека _aНациональная библиотека Армении |
||
| 980 | _aNB | ||
| 980 | _aBV | ||